[Event "Senta op 25th"]
[Site "Senta"]
[Date "2021.07.24"]
[Round "9"]
[White "Pacal, Mihaly"]
[Black "Csizik, Karoly"]
[Result "1-0"]
[WhiteElo "2117"]
[BlackElo "1884"]
[PlyCount "93"]
[EventDate "2021.07.17"]
[EventType "swiss"]
[EventRounds "9"]
[EventCountry "SRB"]
[SourceTitle "EXT 2022"]
[Source "ChessBase"]
[SourceDate "2021.10.06"]
[SourceVersion "1"]
[SourceVersionDate "2021.10.06"]
[SourceQuality "1"]

1. d4 Nf6 2. Bf4 g6 3. Nf3 Bg7 4. e3 c5 5. c3 b6 6. Be2 Bb7 7. 0-0 0-0 8. Nbd2 d6 9. a4 Nbd7 10. a5 a6 11. axb6 Nxb6 12. dxc5 dxc5 13. Nb3 Qc8 14. Na5 c4 15. Nxb7 Qxb7 16. Qc2 Nfd7 17. Nd2 Qc8 18. Ra5 e5 19. Bg3 f5 20. b4 cxb3 21. Qxb3+ Kh8 22. Rc1 Rb8 23. Qa3 Qd8 24. f3 Nc5 25. Rd1 Nbd7 26. Nc4 Rb3 27. Qc1 Qe7 28. Nd2 Rb6 29. Bf2 e4 30. Qa3 Qf6 31. Rxc5 Nxc5 32. Qxc5 Rc6 33. Qa5 exf3 34. Nxf3 Qe7 35. Nd4 Rd6 36. Bf3 Rc8 37. Rb1 Bh6 38. Re1 Bg7 39. Bg3 Rd7 40. h3 Qf7 41. Qxa6 Rxc3 42. Ne6 Bf6 43. Rb1 h6 44. Qa8+ Kh7 45. Nf8+ Kg7 46. Nxd7 Qxd7 47. Rb7 1-0

[Event "Senta op 25th"]
[Site "Senta"]
[Date "2021.07.18"]
[Round "2"]
[White "Pacal, Mihaly"]
[Black "Sajin, Mirko"]
[Result "0-1"]
[WhiteElo "2117"]
[BlackElo "1931"]
[PlyCount "166"]
[EventDate "2021.07.17"]
[EventType "swiss"]
[EventRounds "9"]
[EventCountry "SRB"]
[SourceTitle "EXT 2022"]
[Source "ChessBase"]
[SourceDate "2021.10.06"]
[SourceVersion "1"]
[SourceVersionDate "2021.10.06"]
[SourceQuality "1"]

1. d4 Nf6 2. Bg5 e6 3. Nd2 d5 4. e3 c5 5. Ngf3 Nbd7 6. c3 Qb6 7. Qc2 Bd6 8. Bd3 h6 9. Bh4 a6 10. 0-0 Qc7 11. Rfe1 0-0 12. Bg3 Bxg3 13. hxg3 b6 14. e4 dxe4 15. Nxe4 cxd4 16. Nxf6+ Nxf6 17. Nxd4 Bb7 18. Qe2 Rfd8 19. Rad1 Rd6 20. Bc2 Rad8 21. Bb3 b5 22. a3 Qb6 23. Bc2 Qc5 24. Nf3 Bd5 25. Ne5 Bb7 26. Nf3 Nd5 27. Qe4 f5 28. Qe5 Qb6 29. Nd4 Nc7 30. Bb3 Bd5 31. Bc2 Bc4 32. Nf3 Rd5 33. Rxd5 Rxd5 34. Qf4 Qd6 35. Qe3 a5 36. Qa7 a4 37. Nd4 Re5 38. Rxe5 Qxe5 39. Nf3 Qd6 40. Qb8+ Kf7 41. Nd4 Kf6 42. f4 Kf7 43. Kh2 Ne8 44. Qa7+ Qc7 45. Qa6 Nf6 46. Bd1 Ne4 47. Bf3 Nc5 48. Qa8 Nd3 49. Qh8 Nxf4 50. Bc6 Ng6 51. Qa8 Kf6 52. Bf3 Qe7 53. Qb8 Ne5 54. Nc6 Nxc6 55. Bxc6 Qc5 56. Qd8+ Qe7 57. Qb6 Qd6 58. Qb7 f4 59. gxf4 Qxf4+ 60. Kh1 Qc1+ 61. Kh2 Qf4+ 62. Kg1 Qe3+ 63. Kh2 Qe5+ 64. Kg1 Qc5+ 65. Kh2 Bd5 66. Bxd5 Qxd5 67. Qb6 g6 68. Kh1 h5 69. Qb8 Kg5 70. Qg3+ Kf5 71. Qb8 Qe5 72. Qf8+ Kg5 73. Qd8+ Kf4 74. Qh4+ Kf5 75. Qd8 Qe1+ 76. Kh2 Qe5+ 77. Kh1 Qd5 78. Qf8+ Kg5 79. Qe7+ Kg4 80. Kh2 g5 81. Qb4+ Qc4 82. Qe7 Qf4+ 83. Kg1 Kg3 0-1

[Event "Senta City-ch"]
[Site "Senta"]
[Date "2020.02.14"]
[Round "9"]
[White "Csizik, Karoly"]
[Black "Pacal, Mihaly"]
[Result "0-1"]
[WhiteElo "1913"]
[BlackElo "2118"]
[PlyCount "72"]
[EventDate "2020.01.27"]
[EventType "swiss"]
[EventRounds "9"]
[EventCountry "SRB"]
[SourceTitle "CBM 195 Extra"]
[Source "ChessBase"]
[SourceDate "2020.05.31"]
[SourceVersion "1"]
[SourceVersionDate "2020.05.31"]
[SourceQuality "1"]

1. e4 Nf6 2. e5 Nd5 3. d4 d6 4. Bc4 Nb6 5. Bb3 dxe5 6. Qh5 e6 7. dxe5 a5 8. a4 Na6 9. Nf3 Nc5 10. Bg5 Be7 11. 0-0 Bd7 12. Nc3 Nxb3 13. cxb3 Bc6 14. Rad1 Nd5 15. Ne4 Bxg5 16. Nfxg5 Qe7 17. Rfe1 h6 18. Nf6+ gxf6 19. Nxe6 Qxe6 20. exf6 0-0-0 21. Rxe6 fxe6 22. f7 Nf6 23. Rxd8+ Rxd8 24. Qe2 Bd5 25. Qe5 Nd7 26. Qg7 Rf8 27. Qxh6 Rxf7 28. h4 Kd8 29. h5 Nf6 30. g4 Bf3 31. Qh8+ Ke7 32. g5 Nxh5 33. Qe5 Rf4 34. Qxc7+ Ke8 35. Qxa5 Rh4 36. Qb5+ Bc6 0-1

[Event "Senta City-ch"]
[Site "Senta"]
[Date "2020.02.05"]
[Round "5"]
[White "Pacal, Mihaly"]
[Black "Simonyi, Zoltan"]
[Result "1-0"]
[WhiteElo "2118"]
[BlackElo "2164"]
[PlyCount "83"]
[EventDate "2020.01.27"]
[EventType "swiss"]
[EventRounds "9"]
[EventCountry "SRB"]
[SourceTitle "CBM 195 Extra"]
[Source "ChessBase"]
[SourceDate "2020.05.31"]
[SourceVersion "1"]
[SourceVersionDate "2020.05.31"]
[SourceQuality "1"]

1. c4 g6 2. Nc3 Bg7 3. g3 e5 4. Bg2 Ne7 5. d3 c6 6. e4 d6 7. Nge2 Be6 8. Be3 0-0 9. Qd2 d5 10. cxd5 cxd5 11. exd5 Nxd5 12. Bc5 Re8 13. Ne4 Nc6 14. 0-0 Qd7 15. Rfd1 Bg4 16. Nd6 Nd4 17. Nxd4 exd4 18. Bxd5 Re5 19. Bxf7+ Kh8 20. Bb3 Rf8 21. Nf7+ Rxf7 22. Bxf7 Rxc5 23. Bb3 Bxd1 24. Rxd1 Qe7 25. Re1 Re5 26. Rxe5 Bxe5 27. Qa5 b6 28. Qd5 Kg7 29. h4 h5 30. Qg8+ Kh6 31. Bd5 Bg7 32. Be4 Qd7 33. Kg2 Qe7 34. Qc8 Bf6 35. Qc6 Kg7 36. a4 Kf7 37. Qc4+ Kg7 38. b4 a5 39. b5 Be5 40. Qc6 Qd6 41. Qe8 Qf6 42. Bxg6 1-0

[Event "Senta City-ch"]
[Site "Senta"]
[Date "2020.01.29"]
[Round "2"]
[White "Molnar Gabor, Roland"]
[Black "Pacal, Mihaly"]
[Result "1/2-1/2"]
[WhiteElo "1997"]
[BlackElo "2118"]
[PlyCount "48"]
[EventDate "2020.01.27"]
[EventType "swiss"]
[EventRounds "9"]
[EventCountry "SRB"]
[SourceTitle "CBM 195 Extra"]
[Source "ChessBase"]
[SourceDate "2020.05.31"]
[SourceVersion "1"]
[SourceVersionDate "2020.05.31"]
[SourceQuality "1"]

1. e4 d5 2. exd5 Qxd5 3. Nc3 Qd6 4. Nf3 Nf6 5. d4 g6 6. h3 Bg7 7. Bc4 0-0 8. 0-0 a6 9. a4 Nc6 10. Ne2 Nd5 11. Bxd5 Qxd5 12. Bf4 Qd8 13. c3 Be6 14. b4 Bc4 15. Re1 Rc8 16. Ng3 Qd5 17. Nf1 Bxf1 18. Rxf1 Rfd8 19. Re1 Qc4 20. Qd2 Rd7 21. Rad1 Qb3 22. a5 Rcd8 23. Qd3 e6 24. Rb1 Qd5 1/2-1/2

[Event "Backa Topola-ch"]
[Site "Backa Topola"]
[Date "2019.12.11"]
[Round "8"]
[White "Nagy, Attila N"]
[Black "Pacal, Mihaly"]
[Result "1-0"]
[WhiteElo "2233"]
[BlackElo "2107"]
[PlyCount "81"]
[EventDate "2019.11.25"]
[EventType "swiss"]
[EventRounds "9"]
[EventCountry "SRB"]
[SourceTitle "CBM 193 Extra"]
[Source "ChessBase"]
[SourceDate "2020.01.31"]
[SourceVersion "1"]
[SourceVersionDate "2020.01.31"]
[SourceQuality "1"]

1. g3 f5 2. Nf3 Nf6 3. Bg2 g6 4. c4 Bg7 5. 0-0 0-0 6. Nc3 d6 7. d3 e5 8. c5 Nc6 9. cxd6 cxd6 10. Rb1 h6 11. b4 g5 12. b5 Ne7 13. Ba3 Be6 14. Qa4 Ned5 15. Nxd5 Nxd5 16. Rbc1 Rf7 17. e4 Nb6 18. Qb4 d5 19. exf5 Bxf5 20. Rfe1 Nd7 21. Qb3 Be6 22. Nd4 exd4 23. Rxe6 Nf6 24. Rce1 Kh8 25. Bb2 Qd7 26. Bxd4 Rd8 27. Qb2 Ng8 28. a4 Bxd4 29. Qxd4+ Kh7 30. Qxa7 Nf6 31. Qd4 Rdf8 32. Bh3 Qc7 33. b6 Qc2 34. Bf5+ Kg7 35. a5 Qd2 36. a6 bxa6 37. Qe5 Qb4 38. d4 a5 39. Bd3 Kg8 40. Rb1 Qc3 41. Bg6 1-0

[Event "Backa Topola-ch"]
[Site "Backa Topola"]
[Date "2019.11.25"]
[Round "1"]
[White "Smit, Jovan"]
[Black "Pacal, Mihaly"]
[Result "0-1"]
[WhiteElo "1793"]
[BlackElo "2107"]
[PlyCount "82"]
[EventDate "2019.11.25"]
[EventType "swiss"]
[EventRounds "9"]
[EventCountry "SRB"]
[SourceTitle "CBM 193 Extra"]
[Source "ChessBase"]
[SourceDate "2020.01.31"]
[SourceVersion "1"]
[SourceVersionDate "2020.01.31"]
[SourceQuality "1"]

1. e4 c5 2. Nf3 e6 3. Bc4 Nf6 4. d3 a6 5. Bg5 d6 6. c3 Be7 7. 0-0 0-0 8. Nbd2 Nc6 9. Bb3 b5 10. Bc2 Bb7 11. Re1 h6 12. Be3 Rc8 13. Nf1 Qc7 14. Rc1 Rfd8 15. Bb1 Qb8 16. Qc2 Bf8 17. Ng3 Ne7 18. d4 g6 19. Qd2 Ng4 20. h4 Nxe3 21. Qxe3 Bg7 22. h5 cxd4 23. cxd4 Rxc1 24. Rxc1 Rc8 25. Re1 Qc7 26. Nh4 g5 27. Nf3 Qd8 28. Bd3 Nc6 29. Ne2 Nb4 30. a3 Nc2 31. Bxc2 Rxc2 32. b4 Qc7 33. d5 Qc4 34. dxe6 fxe6 35. Ned4 Rc3 36. Qe2 Bxd4 37. Nxd4 Qxd4 38. Qg4 Kf7 39. Kf1 Qc4+ 40. Kg1 Rc1 41. Rxc1 Qxc1+ 0-1

[Event "Senta op 23rd"]
[Site "Senta"]
[Date "2019.07.26"]
[Round "9"]
[White "Zhukov, Anton"]
[Black "Pacal, Mihaly"]
[Result "1-0"]
[WhiteElo "2087"]
[BlackElo "2110"]
[PlyCount "83"]
[EventDate "2019.07.19"]
[EventType "swiss"]
[EventRounds "9"]
[EventCountry "SRB"]
[SourceTitle "EXT 2020"]
[Source "ChessBase"]
[SourceDate "2019.10.17"]
[SourceVersion "1"]
[SourceVersionDate "2019.10.17"]
[SourceQuality "1"]

1. d4 f5 2. c4 Nf6 3. Nc3 g6 4. Nf3 Bg7 5. g3 0-0 6. Bg2 d6 7. 0-0 c6 8. Rb1 a5 9. Qb3 h6 10. Rd1 Kh7 11. Be3 Ng4 12. Bf4 g5 13. Bd2 Qe8 14. h3 Nf6 15. d5 Na6 16. Be3 Qg6 17. Nd4 f4 18. Bc1 fxg3 19. fxg3 cxd5 20. cxd5 Nc5 21. Qc4 Nh5 22. g4 Nf4 23. Bxf4 Rxf4 24. e3 Rf8 25. Nb3 Qf6 26. Ne4 Nxe4 27. Qxe4+ Kg8 28. Rf1 Qe5 29. Rxf8+ Kxf8 30. Qd3 Qg3 31. Rf1+ Kg8 32. Nd4 Bd7 33. Rf3 Qe5 34. b3 Rf8 35. Rxf8+ Kxf8 36. Qf1+ Kg8 37. Qf2 Bf6 38. Qd2 Qg3 39. Ne2 Qe5 40. Kf2 b6 41. Nd4 Qh2 42. Nf3 1-0

[Event "HUN-chT2 Toth 1819"]
[Site "Hungary"]
[Date "2019.02.10"]
[Round "7.2"]
[White "Pacal, Mihaly"]
[Black "Zalai, Mihaly"]
[Result "1-0"]
[WhiteElo "2071"]
[BlackElo "2135"]
[PlyCount "113"]
[EventDate "2018.09.23"]
[EventType "team-tourn"]
[EventRounds "11"]
[EventCountry "HUN"]
[SourceTitle "EXT 2021"]
[Source "ChessBase"]
[SourceDate "2020.10.23"]
[SourceVersion "1"]
[SourceVersionDate "2020.10.23"]
[SourceQuality "1"]
[WhiteTeam "Felegyhaza Csongrad"]
[BlackTeam "Oroshaza"]
[WhiteTeamCountry "HUN"]
[BlackTeamCountry "HUN"]

1. c4 e5 2. Nc3 Bb4 3. Qc2 Nf6 4. Nf3 d6 5. g3 Be6 6. d3 h6 7. Bg2 Nc6 8. 0-0 0-0 9. a3 Bxc3 10. Qxc3 Qc8 11. b4 Bh3 12. b5 Ne7 13. e4 Ng6 14. Ne1 Nh5 15. Ra2 Bxg2 16. Nxg2 Qh3 17. f3 Qe6 18. Ne3 Ne7 19. Nd5 Rfc8 20. f4 exf4 21. gxf4 f5 22. Re1 fxe4 23. dxe4 Nxd5 24. cxd5 Qf7 25. Rg2 Re8 26. Qf3 Re7 27. f5 Rf8 28. Bxh6 Kh7 29. Rg6 Nf6 30. Qh3 Kg8 31. Rxg7+ Qxg7+ 32. Bxg7 Rxg7+ 33. Kf2 Re8 34. Kf3 Nxd5 35. Qh4 Nc3 36. Re3 Nxb5 37. Kf4 Nd4 38. Rh3 Ne2+ 39. Ke3 Nc3 40. Qh8+ Kf7 41. Qh5+ Kf8 42. Rg3 Rxg3+ 43. hxg3 Nxe4 44. Qh6+ Kf7 45. Qg6+ Kf8 46. Kf4 Re7 47. g4 Nc5 48. g5 Nd7 49. f6 Rf7 50. Kf5 Ne5 51. Qh6+ Ke8 52. Ke6 b5 53. Qh8+ Rf8 54. Qh5+ Kd8 55. g6 Re8+ 56. Kf5 Nd3 57. f7 1-0

[Event "Senta op 22nd"]
[Site "Senta"]
[Date "2018.07.19"]
[Round "7"]
[White "Damjanovic, Vuk"]
[Black "Pacal, Mihaly"]
[Result "1-0"]
[WhiteElo "1939"]
[BlackElo "2090"]
[PlyCount "111"]
[EventDate "2018.07.14"]
[EventType "swiss"]
[EventRounds "9"]
[EventCountry "SRB"]
[SourceTitle "CBM 185 Extra"]
[Source "ChessBase"]
[SourceDate "2018.07.29"]
[SourceVersion "1"]
[SourceVersionDate "2018.07.29"]
[SourceQuality "1"]

1. d4 Nf6 2. Nf3 g6 3. Bg5 Bg7 4. Nbd2 c5 5. c3 b6 6. e4 cxd4 7. cxd4 Bb7 8. Bd3 0-0 9. Qe2 h6 10. Bh4 d6 11. 0-0 g5 12. Bg3 Nh5 13. Qe3 Nc6 14. Nb3 Rc8 15. Rfc1 Nb4 16. a3 Nxd3 17. Qxd3 Qd7 18. Nbd2 Rxc1+ 19. Rxc1 Rc8 20. Rxc8+ Qxc8 21. Qc3 Qxc3 22. bxc3 Kf8 23. Ne1 Ke8 24. f3 Nxg3 25. hxg3 Kd7 26. Kf2 e6 27. Ke3 Bf8 28. c4 d5 29. Nc2 a5 30. Kd3 Bd6 31. e5 Be7 32. Kc3 h5 33. Kb3 Bf8 34. Ne3 Bh6 35. cxd5 Bxd5+ 36. Nxd5 exd5 37. g4 h4 38. Nb1 b5 39. Nc3 Kc6 40. a4 b4 41. Ne2 Kd7 42. Kc2 Bf8 43. Nc1 Be7 44. Nb3 Bd8 45. Kd3 Bb6 46. Ke3 Ke6 47. f4 gxf4+ 48. Kxf4 f6 49. g5 fxe5+ 50. dxe5 d4 51. Ke4 d3 52. g6 Bf2 53. Kxd3 Bb6 54. Ke4 Ke7 55. Kf5 Bc7 56. e6 1-0

[Event "Senta op 22nd"]
[Site "Senta"]
[Date "2018.07.18"]
[Round "6"]
[White "Pacal, Mihaly"]
[Black "Vranic, Ljubomir"]
[Result "0-1"]
[WhiteElo "2090"]
[BlackElo "2236"]
[PlyCount "96"]
[EventDate "2018.07.14"]
[EventType "swiss"]
[EventRounds "9"]
[EventCountry "SRB"]
[SourceTitle "CBM 185 Extra"]
[Source "ChessBase"]
[SourceDate "2018.07.29"]
[SourceVersion "1"]
[SourceVersionDate "2018.07.29"]
[SourceQuality "1"]

1. d4 c5 2. dxc5 Na6 3. Nc3 Nxc5 4. e4 d6 5. Bc4 Be6 6. Bxe6 Nxe6 7. Nf3 g6 8. Be3 Bg7 9. Nd4 Qa5 10. 0-0 Nf6 11. h3 0-0 12. Nb3 Qb4 13. Re1 Rfe8 14. a3 Qc4 15. f3 b6 16. Qe2 Qxe2 17. Rxe2 Nd7 18. Rd1 Bxc3 19. bxc3 Rec8 20. Bd4 f6 21. Kf1 Rc4 22. Ra1 Rac8 23. a4 Nxd4 24. Nxd4 a6 25. Rd2 Rxc3 26. Ra2 Ne5 27. Ke1 Kf7 28. Kd1 Nc4 29. Re2 Ra3 30. Rxa3 Nxa3 31. Re3 Nc4 32. Rb3 Rc5 33. Ne2 Ra5 34. Nc3 e6 35. Ke2 d5 36. Kd3 Ne5+ 37. Kd2 d4 38. Ne2 Rxa4 39. f4 Nc4+ 40. Kd3 e5 41. c3 b5 42. cxd4 exd4 43. Nxd4 Ra2 44. Nc2 Ke6 45. g4 Kd6 46. Kc3 Kc5 47. Nd4 Rh2 48. Ne6+ Kd6 0-1

[Event "Senta op 22nd"]
[Site "Senta"]
[Date "2018.07.15"]
[Round "2"]
[White "Pacal, Mihaly"]
[Black "Simonyi, Zoltan"]
[Result "1/2-1/2"]
[WhiteElo "2090"]
[BlackElo "2254"]
[PlyCount "35"]
[EventDate "2018.07.14"]
[EventType "swiss"]
[EventRounds "9"]
[EventCountry "SRB"]
[SourceTitle "CBM 185 Extra"]
[Source "ChessBase"]
[SourceDate "2018.07.29"]
[SourceVersion "1"]
[SourceVersionDate "2018.07.29"]
[SourceQuality "1"]

1. d4 Nf6 2. Bg5 e6 3. Nf3 Be7 4. e3 b6 5. Bd3 Bb7 6. 0-0 0-0 7. Nbd2 c5 8. c3 h6 9. Bh4 d6 10. Qe2 Nc6 11. Rad1 Re8 12. a3 Nh5 13. Bxe7 Qxe7 14. b4 Rec8 15. dxc5 dxc5 16. b5 Na5 17. Ne5 Nf6 18. c4 1/2-1/2

[Event "HUN-chT2 Toth 1718"]
[Site "Hungary"]
[Date "2017.12.17"]
[Round "6.1"]
[White "Pacal, Mihaly"]
[Black "Udvardi, Zalan"]
[Result "0-1"]
[WhiteElo "2103"]
[BlackElo "2147"]
[PlyCount "77"]
[EventDate "2017.09.24"]
[EventType "team-tourn"]
[EventRounds "11"]
[EventCountry "HUN"]
[SourceTitle "EXT 2021"]
[Source "ChessBase"]
[SourceDate "2020.10.23"]
[SourceVersion "1"]
[SourceVersionDate "2020.10.23"]
[SourceQuality "1"]
[WhiteTeam "Felegyhaza Csongrad"]
[BlackTeam "Szentes Integral"]
[WhiteTeamCountry "HUN"]
[BlackTeamCountry "HUN"]

1. d4 Nf6 2. Bg5 Ne4 3. h4 c5 4. dxc5 Na6 5. Qd4 Naxc5 6. Nc3 Nxc3 7. Qxc3 Ne4 8. Qd4 Nxg5 9. hxg5 Qa5+ 10. Qd2 Qxd2+ 11. Kxd2 g6 12. e4 Bg7 13. c3 b6 14. Nf3 Bb7 15. Bd3 Rd8 16. Ke3 Kf8 17. Rad1 h6 18. Bc2 e6 19. gxh6 Bxh6+ 20. Ke2 Kg7 21. Rh4 f5 22. exf5 gxf5 23. Rhd4 Kf6 24. c4 Bc6 25. b4 Bf8 26. a3 e5 27. R4d2 Rh7 28. Rg1 a5 29. b5 Bb7 30. a4 e4 31. Nd4 Rh2 32. Nc6 Rc8 33. Rxd7 Bxc6 34. bxc6 Rxc6 35. Bb3 Bc5 36. Rdd1 f4 37. Bc2 f3+ 38. Kf1 e3 39. Be4 0-1

[Event "Senta op 21st"]
[Site "Senta"]
[Date "2017.07.31"]
[Round "9"]
[White "Pacal, Mihaly"]
[Black "Mijic, Vladimir"]
[Result "1-0"]
[WhiteElo "2098"]
[BlackElo "2205"]
[PlyCount "93"]
[EventDate "2017.07.24"]
[EventType "swiss"]
[EventRounds "9"]
[EventCountry "SRB"]
[SourceTitle "CBM 179 Extra"]
[Source "ChessBase"]
[SourceDate "2017.08.23"]
[SourceVersion "1"]
[SourceVersionDate "2017.08.23"]
[SourceQuality "1"]

1. b3 c5 2. Bb2 Nc6 3. e3 e5 4. Bb5 d6 5. Ne2 Bd7 6. d4 Qc7 7. 0-0 Nf6 8. Nbc3 a6 9. Bc4 Be7 10. Nd5 Nxd5 11. Bxd5 0-0 12. dxc5 dxc5 13. Nc3 Rad8 14. Qh5 Nb4 15. a3 Bc6 16. axb4 cxb4 17. Bc4 g6 18. Qh6 bxc3 19. Bxc3 Bf6 20. Ba5 b6 21. Bb4 Rfe8 22. Bxa6 e4 23. Rad1 Rxd1 24. Rxd1 Rd8 25. Rxd8+ Qxd8 26. Be2 Bg7 27. Qf4 h6 28. h4 Qe8 29. Bc4 b5 30. Bf1 Kh7 31. Qd6 Kg8 32. Be2 Qa8 33. h5 g5 34. Bg4 Qa1+ 35. Qd1 Qe5 36. Bd6 Qe8 37. Bc7 Be5 38. Qd8 Bxc7 39. Qxc7 Kg7 40. Qd6 Qa8 41. Qe5+ Kg8 42. Qf6 Bd5 43. Qxh6 Qa1+ 44. Kh2 Qe5+ 45. g3 f6 46. Qg6+ Kf8 47. h6 1-0

[Event "Senta op 21st"]
[Site "Senta"]
[Date "2017.07.25"]
[Round "2"]
[White "Csonka, Balazs"]
[Black "Pacal, Mihaly"]
[Result "1-0"]
[WhiteElo "2424"]
[BlackElo "2098"]
[PlyCount "49"]
[EventDate "2017.07.24"]
[EventType "swiss"]
[EventRounds "9"]
[EventCountry "SRB"]
[SourceTitle "CBM 179 Extra"]
[Source "ChessBase"]
[SourceDate "2017.08.23"]
[SourceVersion "1"]
[SourceVersionDate "2017.08.23"]
[SourceQuality "1"]

1. d4 Nf6 2. c4 e5 3. dxe5 Ne4 4. a3 Nc6 5. Nf3 d6 6. Qc2 d5 7. e3 g5 8. cxd5 Qxd5 9. Bc4 Qa5+ 10. b4 Nxb4 11. axb4 Qxa1 12. Qxe4 Bxb4+ 13. Ke2 Bd7 14. Qxb7 0-0 15. Qxb4 Rab8 16. Qe7 Rxb1 17. Qxg5+ Kh8 18. Qf6+ Kg8 19. Ng5 Bb5 20. Bxb5 Rxb5 21. Qf5 Qa2+ 22. Kf3 Rfb8 23. Qxh7+ Kf8 24. Ba3+ c5 25. Rd1 1-0

[Event "Subotica-ch op"]
[Site "Subotica"]
[Date "2017.02.22"]
[Round "1"]
[White "Pacal, Mihaly"]
[Black "Matkovic, Jovan"]
[Result "1-0"]
[WhiteElo "2117"]
[BlackElo "1892"]
[PlyCount "69"]
[EventDate "2017.02.22"]
[EventType "swiss"]
[EventRounds "9"]
[EventCountry "SRB"]
[SourceTitle "CBM 177 Extra"]
[Source "ChessBase"]
[SourceDate "2017.04.27"]
[SourceVersion "1"]
[SourceVersionDate "2017.04.27"]
[SourceQuality "1"]

1. e4 c5 2. d4 cxd4 3. c3 dxc3 4. Nxc3 a6 5. Bc4 e6 6. Nf3 b5 7. Bb3 Bb7 8. Qe2 d6 9. 0-0 Nd7 10. a3 Ne7 11. Nd4 Nc5 12. Ba2 Nc6 13. Nxc6 Bxc6 14. f4 Na4 15. Nd5 Ra7 16. Nb4 Ba8 17. f5 exf5 18. Rxf5 Re7 19. Nd5 Bxd5 20. Bxd5 Qc8 21. Qf2 f6 22. Be3 Rc7 23. Rf1 Rc2 24. Qf3 Be7 25. Qg3 g6 26. Rxf6 Bxf6 27. Rxf6 Rc1+ 28. Bxc1 Qxc1+ 29. Rf1 Qc5+ 30. Kh1 Rf8 31. Rxf8+ Kxf8 32. h3 Qc1+ 33. Kh2 Qxb2 34. Qxd6+ Kg7 35. e5 1-0

[Event "Senta-ch"]
[Site "Senta"]
[Date "2017.02.17"]
[Round "7"]
[White "Pacal, Mihaly"]
[Black "Toth, Kazmer"]
[Result "1/2-1/2"]
[WhiteElo "2117"]
[BlackElo "1943"]
[PlyCount "118"]
[EventDate "2017.01.20"]
[EventType "swiss"]
[EventRounds "9"]
[EventCountry "SRB"]
[SourceTitle "EXT 2018"]
[Source "ChessBase"]
[SourceDate "2017.10.13"]
[SourceVersion "1"]
[SourceVersionDate "2017.10.13"]
[SourceQuality "1"]

1. e4 e6 2. Nf3 d5 3. e5 c5 4. b4 cxb4 5. a3 Nc6 6. axb4 Bxb4 7. c3 Be7 8. d4 Qc7 9. Bd3 f5 10. 0-0 Bd7 11. Ng5 g6 12. Na3 Qd8 13. Nh3 a6 14. Nf4 Rc8 15. c4 Nxd4 16. cxd5 Bc5 17. Nc4 exd5 18. Nxd5 Ne6 19. Nd6+ Bxd6 20. exd6 Nf6 21. Bb2 Nxd5 22. Bxh8 Ndf4 23. Be5 Bc6 24. d7+ Qxd7 25. Bxf4 Nxf4 26. Re1+ Kf8 27. Bf1 Qxd1 28. Raxd1 Re8 29. g3 Rxe1 30. Rxe1 Nd5 31. Bg2 Nb4 32. Bxc6 Nxc6 33. f4 Kf7 34. Kf2 a5 35. Ke3 Ke6 36. Kd3+ Kd6 37. Kc4 Na7 38. Kb3 b5 39. Re8 Nc6 40. Rh8 Kc5 41. Rxh7 a4+ 42. Ka3 Na5 43. Rc7+ Kb6 44. Rg7 Kc5 45. Rc7+ Kb6 46. Rc8 Kb7 47. Rg8 Kc6 48. Rxg6+ Kc5 49. Rg5 Nc4+ 50. Ka2 Ne3 51. Rg8 b4 52. Rc8+ Kb5 53. h4 b3+ 54. Ka3 Nc4+ 55. Rxc4 Kxc4 56. h5 Kc3 57. h6 b2 58. h7 b1Q 59. h8Q+ Kd3 1/2-1/2

[Event "Senta-ch"]
[Site "Senta"]
[Date "2017.01.22"]
[Round "3"]
[White "Pacal, Mihaly"]
[Black "Simonyi, Zoltan"]
[Result "1/2-1/2"]
[WhiteElo "2117"]
[BlackElo "2213"]
[PlyCount "35"]
[EventDate "2017.01.20"]
[EventType "swiss"]
[EventRounds "9"]
[EventCountry "SRB"]
[SourceTitle "EXT 2018"]
[Source "ChessBase"]
[SourceDate "2017.10.13"]
[SourceVersion "1"]
[SourceVersionDate "2017.10.13"]
[SourceQuality "1"]

1. e4 e5 2. Nf3 Nc6 3. c3 Nf6 4. d4 Nxe4 5. d5 Ne7 6. Nxe5 Ng6 7. Bd3 Nxe5 8. Bxe4 Bc5 9. Qh5 d6 10. h3 h6 11. Nd2 a6 12. Bc2 g6 13. Qe2 Kf8 14. Nb3 Ba7 15. Be3 Bxe3 16. Qxe3 Qf6 17. 0-0-0 Bf5 18. Bxf5 1/2-1/2

[Event "Senta-ch"]
[Site "Senta"]
[Date "2017.01.20"]
[Round "1"]
[White "Pacal, Mihaly"]
[Black "Barta, Aron"]
[Result "1-0"]
[WhiteElo "2117"]
[BlackElo "1624"]
[PlyCount "63"]
[EventDate "2017.01.20"]
[EventType "swiss"]
[EventRounds "9"]
[EventCountry "SRB"]
[SourceTitle "EXT 2018"]
[Source "ChessBase"]
[SourceDate "2017.10.13"]
[SourceVersion "1"]
[SourceVersionDate "2017.10.13"]
[SourceQuality "1"]

1. e4 e5 2. Nf3 Nc6 3. c3 d6 4. Bc4 Bg4 5. Qb3 Qd7 6. Bxf7+ Qxf7 7. Qxb7 Rb8 8. Qxc6+ Qd7 9. Qxd7+ Bxd7 10. d3 Nf6 11. Nbd2 Be6 12. 0-0 Be7 13. Re1 0-0 14. d4 exd4 15. Nxd4 Bd7 16. Nc4 Bd8 17. e5 dxe5 18. Nxe5 Re8 19. Bg5 Bc8 20. b3 c5 21. Ndc6 Rb7 22. Nxd8 Rxd8 23. Rad1 Re8 24. Bxf6 gxf6 25. Nd3 Rxe1+ 26. Rxe1 Rc7 27. Nf4 Bb7 28. f3 Rd7 29. Ne6 Rd5 30. c4 Rf5 31. Nd8 Ba6 32. Nc6 1-0

[Event "HUN-chT2 Toth 1617"]
[Site "Hungary"]
[Date "2016.11.27"]
[Round "5.2"]
[White "Pacal, Mihaly"]
[Black "Szasz, Janos"]
[Result "1/2-1/2"]
[WhiteElo "2120"]
[BlackElo "2056"]
[PlyCount "43"]
[EventDate "2016.09.25"]
[EventType "team-tourn"]
[EventRounds "11"]
[EventCountry "HUN"]
[SourceTitle "EXT 2021"]
[Source "ChessBase"]
[SourceDate "2020.10.23"]
[SourceVersion "1"]
[SourceVersionDate "2020.10.23"]
[SourceQuality "1"]
[WhiteTeam "Felegyhaza Csongrad"]
[BlackTeam "Bekes"]
[WhiteTeamCountry "HUN"]
[BlackTeamCountry "HUN"]

1. e4 e6 2. d4 b6 3. Nc3 Bb7 4. a3 Nf6 5. Bd3 c5 6. dxc5 Bxc5 7. Nf3 h6 8. Qe2 0-0 9. e5 Nh7 10. 0-0 d5 11. exd6 Bxd6 12. Re1 Nf6 13. Nb5 Kh8 14. Bc4 Bd5 15. Bxd5 exd5 16. Nxd6 Qxd6 17. Be3 Nc6 18. Qd3 Rad8 19. Qf5 Rfe8 20. Bd4 Nxd4 21. Nxd4 Re4 22. c3 1/2-1/2

[Event "Senta op 20th"]
[Site "Senta"]
[Date "2016.07.22"]
[Round "1"]
[White "Farkas, Istvan1111"]
[Black "Pacal, Mihaly"]
[Result "1-0"]
[WhiteElo "1573"]
[BlackElo "2122"]
[PlyCount "95"]
[EventDate "2016.07.22"]
[EventType "swiss"]
[EventRounds "9"]
[EventCountry "SRB"]
[SourceTitle "EXT 2017"]
[Source "ChessBase"]
[SourceDate "2016.10.25"]
[SourceVersion "1"]
[SourceVersionDate "2016.10.25"]
[SourceQuality "1"]

1. Nf3 Nf6 2. g3 g6 3. Bg2 Bg7 4. 0-0 0-0 5. d3 c5 6. e4 Nc6 7. c3 d5 8. exd5 Nxd5 9. Nbd2 h6 10. Ne4 b6 11. c4 Ndb4 12. Ne1 Bb7 13. a3 Na6 14. Nc2 Nc7 15. Rb1 Rb8 16. Be3 Ne6 17. b4 cxb4 18. axb4 Ncd4 19. Nxd4 Nxd4 20. Re1 Qd7 21. Qd2 f5 22. Nc3 Bxg2 23. Kxg2 Qc6+ 24. Nd5 e6 25. b5 Qb7 26. Bxd4 exd5 27. Bxg7 dxc4+ 28. Kg1 Qxg7 29. dxc4 Rfd8 30. Qa2 Qf7 31. Ra1 Rd7 32. Rec1 Rc8 33. Qe2 Re7 34. Qd2 Kh7 35. Qb4 Re4 36. Ra4 f4 37. Qa3 Rc7 38. Qd3 Rce7 39. Kg2 Qf6 40. Qa3 Qf5 41. Rxa7 f3+ 42. Kg1 Qf7 43. Rxe7 Rxe7 44. c5 bxc5 45. Qxc5 Qe8 46. Qb4 h5 47. b6 Qf7 48. Qxe7 1-0